LIBRARY & INFORMATION CENTRE, KCAET, TAVANUR

ONLINE PUBLIC ACCESS CATALOGUE (OPAC)

Optimisation of Process Parameters for Preparation of Flavoured Instant Green Tea (Record no. 14882)

MARC details
000 -LEADER
fixed length control field 00363nam a22001217a 4500
003 - CONTROL NUMBER IDENTIFIER
control field OSt
088 ## - REPORT NUMBER
Report number T 389
100 ## - MAIN ENTRY--AUTHOR NAME
Personal name SANKALPA K.B
245 ## - TITLE STATEMENT
Title Optimisation of Process Parameters for Preparation of Flavoured Instant Green Tea
260 ## - PUBLICATION, DISTRIBUTION, ETC. (IMPRINT)
Place of publication Tavanur 2017
Name of publisher Kelappaji College of Agricultural Engineering and Technology
942 ## - ADDED ENTRY ELEMENTS (KOHA)
Koha item type Theses

No items available.

free website counter